[Event "US op 124th"]
[Site "Norfolk"]
[Date "2024.08.03"]
[Round "8"]
[White "Ramer, Scott Leo"]
[Black "Tang, Zoey"]
[Result "0-1"]
[WhiteElo "2166"]
[BlackElo "2260"]
[PlyCount "66"]
[EventDate "2024.07.27"]
[EventType "swiss"]
[EventRounds "9"]
[EventCountry "USA"]
[SourceTitle "EXT 2025"]
[Source "ChessBase"]
[SourceDate "2024.10.14"]
[SourceVersion "1"]
[SourceVersionDate "2024.10.14"]
[SourceQuality "1"]

1. e4 c5 2. Nc3 d6 3. d4 cxd4 4. Qxd4 Nc6 5. Qd2 g6 6. b3 Bh6 7. f4 Nf6 8. Bd3 0-0 9. Bb2 e5 10. Nge2 d5 11. exd5 Nxd5 12. Nxd5 Qxd5 13. 0-0 Bf5 14. Qc3 Bxd3 15. cxd3 Rac8 16. Qc4 Ne7 17. Qxd5 Nxd5 18. Bxe5 f6 19. Bd4 Rfe8 20. Rfe1 Nb4 21. Nc3 Rxe1+ 22. Rxe1 Nc2 23. Nd5 Rd8 24. Nxf6+ Kf7 25. Ng4 Nxe1 26. Nxh6+ Ke6 27. Bxa7 Ra8 28. Bf2 Nxd3 29. a4 Nxf2 30. Kxf2 Rc8 31. g4 Rc3 32. f5+ gxf5 33. Nxf5 Ke5 0-1

[Event "US op 124th"]
[Site "Norfolk"]
[Date "2024.07.27"]
[Round "1"]
[White "Ramer, Scott Leo"]
[Black "Antler, Arthur S"]
[Result "1-0"]
[WhiteElo "2166"]
[BlackElo "1892"]
[PlyCount "85"]
[EventDate "2024.07.27"]
[EventType "swiss"]
[EventRounds "9"]
[EventCountry "USA"]
[SourceTitle "EXT 2025"]
[Source "ChessBase"]
[SourceDate "2024.10.14"]
[SourceVersion "1"]
[SourceVersionDate "2024.10.14"]
[SourceQuality "1"]

1. e4 c5 2. Nc3 e6 3. Nf3 Nc6 4. d4 d6 5. d5 Ne5 6. Nxe5 dxe5 7. Bb5+ Bd7 8. dxe6 Bxb5 9. exf7+ Kxf7 10. Qxd8 Rxd8 11. Nxb5 a6 12. Nc3 Nf6 13. Bg5 Rd4 14. f3 Be7 15. Bxf6 gxf6 16. Nd5 b5 17. Ke2 c4 18. c3 Rd3 19. b3 Rg8 20. g3 h5 21. bxc4 bxc4 22. Rab1 Bc5 23. Rb7+ Kg6 24. Rhb1 Kg5 25. Rc7 Ba3 26. Rxc4 Rxd5 27. exd5 Rd8 28. Rd1 f5 29. Ra4 Bb2 30. h4+ Kf6 31. Rxa6+ Kf7 32. c4 Bd4 33. Rxd4 exd4 34. Kd3 Rg8 35. Kxd4 Rxg3 36. c5 Rxf3 37. c6 Ke7 38. Ra7+ Ke8 39. d6 Rf1 40. Ra8+ Kf7 41. c7 Rd1+ 42. Ke5 Re1+ 43. Kxf5 1-0

[Event "World op 47th"]
[Site "Philadelphia"]
[Date "2019.07.03"]
[Round "1"]
[White "Mahajan, Rushaan"]
[Black "Ramer, Scott Leo"]
[Result "1-0"]
[WhiteElo "1889"]
[BlackElo "2269"]
[PlyCount "77"]
[EventDate "2019.07.03"]
[EventType "swiss"]
[EventRounds "9"]
[EventCountry "USA"]
[SourceTitle "CBM 191 Extra"]
[Source "ChessBase"]
[SourceDate "2019.09.30"]
[SourceVersion "1"]
[SourceVersionDate "2019.09.30"]
[SourceQuality "1"]

1. d4 Nf6 2. Nf3 g6 3. c4 Bg7 4. Nc3 d5 5. Bg5 dxc4 6. e3 c5 7. Bxc4 cxd4 8. exd4 0-0 9. h3 a6 10. a3 b5 11. Ba2 Bb7 12. 0-0 Nbd7 13. Qe2 Nb6 14. Rfe1 h6 15. Bh4 Bxf3 16. Qxf3 Qxd4 17. Bg3 Ra7 18. Rad1 Qc4 19. Re5 Qc8 20. Qe3 Qb7 21. Rc5 Qa8 22. Ne2 Ne4 23. Rc2 Nxg3 24. Qxb6 Qe4 25. Rdd2 Rb7 26. Qxa6 Nh5 27. Bd5 Qxc2 28. Rxc2 Rd7 29. Qxb5 Rfd8 30. Bf3 Nf6 31. a4 Nh7 32. h4 g5 33. h5 Nf6 34. a5 g4 35. Bc6 Rd1+ 36. Kh2 R8d3 37. Ng3 Nd7 38. Bxd7 Rxd7 39. Rc8+ 1-0

[Event "Space Coast op 26th"]
[Site "Cocoa Beach"]
[Date "2019.04.28"]
[Round "5"]
[White "Ramer, Scott Leo"]
[Black "Becerra Rivero, Julio"]
[Result "1/2-1/2"]
[WhiteElo "2229"]
[BlackElo "2506"]
[PlyCount "60"]
[EventDate "2019.04.26"]
[EventType "swiss"]
[EventRounds "5"]
[EventCountry "USA"]
[SourceTitle "CBM 190 Extra"]
[Source "ChessBase"]
[SourceDate "2019.07.15"]
[SourceVersion "1"]
[SourceVersionDate "2019.07.15"]
[SourceQuality "1"]

1. e4 e5 2. Nf3 Nc6 3. Bb5 a6 4. Ba4 Nf6 5. 0-0 Be7 6. Re1 b5 7. Bb3 d6 8. c3 0-0 9. h3 Nb8 10. d4 Nbd7 11. Nbd2 Bb7 12. Bc2 Re8 13. Nf1 Bf8 14. Ng3 g6 15. a4 c5 16. d5 c4 17. Bg5 h6 18. Be3 Qc7 19. Qd2 h5 20. Bg5 Nh7 21. Bh6 Be7 22. Rf1 Qd8 23. Be3 Bf6 24. Ne2 Nc5 25. Ra3 Rb8 26. Rfa1 Bc8 27. R1a2 Re7 28. Ng3 Reb7 29. axb5 axb5 30. Nf1 Bd7 1/2-1/2

[Event "Space Coast op 26th"]
[Site "Cocoa Beach"]
[Date "2019.04.26"]
[Round "1"]
[White "Ramer, Scott Leo"]
[Black "Dyson, Peter B"]
[Result "1-0"]
[WhiteElo "2229"]
[BlackElo "2080"]
[PlyCount "63"]
[EventDate "2019.04.26"]
[EventType "swiss"]
[EventRounds "5"]
[EventCountry "USA"]
[SourceTitle "CBM 190 Extra"]
[Source "ChessBase"]
[SourceDate "2019.07.15"]
[SourceVersion "1"]
[SourceVersionDate "2019.07.15"]
[SourceQuality "1"]

1. e4 c5 2. Nc3 g6 3. d4 cxd4 4. Qxd4 Nf6 5. Be3 Nc6 6. Qd2 d6 7. f3 Be6 8. 0-0-0 Bg7 9. Kb1 Qa5 10. Nge2 Ne5 11. Nd4 Bc4 12. Nb3 Qa6 13. Bh6 Bxh6 14. Qxh6 Bxf1 15. Rhxf1 0-0-0 16. Qe3 Kb8 17. f4 Nc4 18. Qd4 Ng4 19. Rfe1 Nxh2 20. Nd5 e6 21. Nf6 h5 22. Rh1 e5 23. fxe5 dxe5 24. Qxd8+ Rxd8 25. Rxd8+ Kc7 26. Rd7+ Kc8 27. Rxf7 Ne3 28. c4 Nhf1 29. Rxf1 Nxf1 30. Rf8+ Kc7 31. Nd5+ Kd7 32. Nc5+ 1-0

[Event "North American op 28th"]
[Site "Las Vegas"]
[Date "2018.12.29"]
[Round "7"]
[White "Ramer, Scott Leo"]
[Black "Chua, Alexander J"]
[Result "1-0"]
[WhiteElo "2200"]
[BlackElo "2291"]
[PlyCount "109"]
[EventDate "2018.12.26"]
[EventType "swiss"]
[EventRounds "9"]
[EventCountry "USA"]
[SourceTitle "CBM 188 Extra"]
[Source "ChessBase"]
[SourceDate "2019.02.28"]
[SourceVersion "1"]
[SourceVersionDate "2019.02.28"]
[SourceQuality "1"]

1. e4 c5 2. Nc3 Nc6 3. Bb5 Nd4 4. Nf3 g6 5. Ba4 Bg7 6. 0-0 a6 7. Nxd4 cxd4 8. Ne2 e6 9. c3 b5 10. Bc2 dxc3 11. dxc3 d6 12. a4 Rb8 13. axb5 axb5 14. Nd4 Bd7 15. Ra6 Qc7 16. Nb3 Ke7 17. Be3 Rc8 18. Ra7 Qb8 19. Qd3 Nf6 20. Rfa1 Rhd8 21. R1a6 Ng4 22. Bb6 Ne5 23. Bxd8+ Rxd8 24. Qe2 Nc6 25. Ra8 Qxa8 26. Rxa8 Rxa8 27. Qxb5 Ra2 28. Qg5+ Bf6 29. Qc1 h5 30. f4 e5 31. Qb1 Ra8 32. f5 Bg5 33. Kf2 Rb8 34. Ke2 Na7 35. Qa2 Nc8 36. Nd2 Rb7 37. fxg6 fxg6 38. Nf3 Be6 39. Qb1 Bh6 40. Bd3 Rc7 41. h3 Nb6 42. Ne1 Nc4 43. Nc2 Rb7 44. Nb4 Ne3 45. Nd5+ Bxd5 46. exd5 Nxg2 47. Bxg6 Nf4+ 48. Kf3 Nxh3 49. Bxh5 Ng5+ 50. Kg4 Rc7 51. Qg6 Rc4+ 52. Kg3 Ne4+ 53. Kg2 Bf4 54. Qe8+ Kf6 55. Qf7+ 1-0

[Event "Cardinal op"]
[Site "Columbus"]
[Date "2018.01.28"]
[Round "4"]
[White "Paganini, Xavier Nicolo"]
[Black "Ramer, Scott Leo"]
[Result "0-1"]
[WhiteElo "1826"]
[BlackElo "2132"]
[PlyCount "96"]
[EventDate "2018.01.26"]
[EventType "swiss"]
[EventRounds "5"]
[EventCountry "USA"]
[SourceTitle "EXT 2023"]
[Source "ChessBase"]
[SourceDate "2022.10.05"]
[SourceVersion "1"]
[SourceVersionDate "2022.10.05"]
[SourceQuality "1"]

1. d4 g6 2. Bf4 Bg7 3. e3 d6 4. Nf3 Nd7 5. Be2 e5 6. Bg3 Nh6 7. c4 Nf5 8. Nc3 0-0 9. dxe5 dxe5 10. 0-0 Nxg3 11. hxg3 Nc5 12. Qc2 c6 13. Rad1 Qb6 14. Nd2 Bf5 15. e4 Bc8 16. Nb3 Ne6 17. Bd3 a5 18. Ne2 Rd8 19. c5 Qa7 20. a4 Bf8 21. Bc4 Re8 22. Bxe6 Bxe6 23. Nec1 Rab8 24. Nd3 f6 25. Rc1 Red8 26. Rfd1 Rd7 27. Kh2 Rbd8 28. f4 Qa6 29. Nf2 Rxd1 30. Rxd1 Rxd1 31. Nxd1 exf4 32. gxf4 Kg7 33. Nd4 Bf7 34. Nf2 Qc4 35. Qxc4 Bxc4 36. b3 Bxc5 37. bxc4 Bxd4 38. Nd3 Kf7 39. Kg3 Ke6 40. Kh4 Kd6 41. g4 b5 42. cxb5 cxb5 43. axb5 a4 44. b6 Bxb6 45. Nb2 Bf2+ 46. Kh3 Bd4 47. Nxa4 Kc6 48. g5 fxg5 0-1

[Event "Cardinal op"]
[Site "Columbus"]
[Date "2018.01.27"]
[Round "2"]
[White "Paul, Justin"]
[Black "Ramer, Scott Leo"]
[Result "1/2-1/2"]
[WhiteElo "2175"]
[BlackElo "2132"]
[PlyCount "79"]
[EventDate "2018.01.26"]
[EventType "swiss"]
[EventRounds "5"]
[EventCountry "USA"]
[SourceTitle "EXT 2023"]
[Source "ChessBase"]
[SourceDate "2022.10.05"]
[SourceVersion "1"]
[SourceVersionDate "2022.10.05"]
[SourceQuality "1"]

1. d4 Nf6 2. c4 g6 3. Nc3 d5 4. g3 Bg7 5. Bg2 c6 6. Nf3 0-0 7. 0-0 dxc4 8. e4 b5 9. Ne5 Nfd7 10. Nxd7 Qxd7 11. e5 Bb7 12. f4 Na6 13. Be3 Nb4 14. a4 a6 15. Ne4 Nd3 16. b3 f5 17. Nc3 e6 18. Qe2 c5 19. Bxb7 Qxb7 20. bxc4 bxc4 21. Rab1 Qc7 22. d5 exd5 23. Nxd5 Qf7 24. Nb6 Rad8 25. Qc2 g5 26. Nxc4 gxf4 27. gxf4 Bh6 28. Nd6 Qd5 29. Rbd1 Rxd6 30. exd6 c4 31. Qg2+ Qxg2+ 32. Kxg2 Rd8 33. Rd2 Rxd6 34. Rc2 Rc6 35. Bd2 Kf7 36. Rf3 Re6 37. Rf1 Rc6 38. Kf3 Ke6 39. Rb1 Kd5 40. Rb7 1/2-1/2

[Event "Columbus Schwarzenegger op"]
[Site "Columbus"]
[Date "2017.03.05"]
[Round "4"]
[White "Cao, Elton"]
[Black "Ramer, Scott Leo"]
[Result "1-0"]
[WhiteElo "1739"]
[BlackElo "2197"]
[PlyCount "160"]
[EventDate "2017.03.03"]
[EventType "swiss"]
[EventRounds "5"]
[EventCountry "USA"]
[SourceTitle "CBM 177 Extra"]
[Source "ChessBase"]
[SourceDate "2017.04.27"]
[SourceVersion "1"]
[SourceVersionDate "2017.04.27"]
[SourceQuality "1"]

1. d4 Nf6 2. c4 g6 3. Nc3 Bg7 4. Nf3 0-0 5. g3 d5 6. Bg2 dxc4 7. 0-0 c6 8. Ne5 Ng4 9. Nxg4 Bxg4 10. h3 Bc8 11. Be3 Nd7 12. f4 Nb6 13. Bf2 Nd5 14. a3 b5 15. e4 Nxc3 16. bxc3 Qc7 17. Qf3 Rb8 18. g4 f5 19. gxf5 gxf5 20. e5 Bb7 21. d5 cxd5 22. Bxa7 Ra8 23. Qe3 Kh8 24. Kh2 Rg8 25. Bd4 e6 26. Rg1 Bh6 27. Bh1 Qe7 28. Rxg8+ Rxg8 29. Qf2 Bc6 30. Be3 Rg6 31. Bf3 Bf8 32. Qd2 Qh4 33. Bf2 Qh6 34. Be3 Be7 35. Qd4 Bh4 36. Rg1 Qg7 37. Rxg6 Qxg6 38. Bf2 Bxf2 39. Qxf2 Qh6 40. Bg2 Be8 41. Kg1 Qf8 42. Qb6 Qe7 43. Bf3 Kg7 44. Kf1 Bf7 45. Qxb5 Qxa3 46. Kg2 Qxc3 47. Qd7 Qd2+ 48. Kg3 Qe1+ 49. Kg2 Qh4 50. Bxd5 exd5 51. e6 Qh5 52. Kf2 Qg6 53. exf7 Qxf7 54. Qd8 Qa7+ 55. Ke2 Qf7 56. Kd2 h6 57. Qd6 Kh7 58. Kc2 Qb7 59. Qe6 Qb3+ 60. Kc1 Qc3+ 61. Kb1 Qd3+ 62. Kc1 Qc3+ 63. Kb1 Qd3+ 64. Kc1 Kg7 65. Qe7+ Kg6 66. Qe8+ Kf6 67. Qf8+ Ke6 68. Qxh6+ Kd7 69. Qg7+ Kc6 70. Qf6+ Kb5 71. Qb2+ Kc5 72. Qf2+ d4 73. h4 Qa3+ 74. Kb1 Qb4+ 75. Kc1 Qa3+ 76. Kb1 Qb3+ 77. Kc1 c3 78. Qe2 Qa3+ 79. Kb1 Qb4+ 80. Kc1 Qb5 1-0

[Event "Ohio Congress"]
[Site "Columbus"]
[Date "2016.09.03"]
[Round "3"]
[White "Wang, Jason"]
[Black "Ramer, Scott Leo"]
[Result "0-1"]
[WhiteElo "2112"]
[BlackElo "2334"]
[PlyCount "124"]
[EventDate "2016.09.02"]
[EventType "swiss"]
[EventRounds "7"]
[EventCountry "USA"]
[SourceTitle "EXT 2023"]
[Source "ChessBase"]
[SourceDate "2022.10.05"]
[SourceVersion "1"]
[SourceVersionDate "2022.10.05"]
[SourceQuality "1"]

1. d4 Nf6 2. c4 g6 3. Nc3 Bg7 4. e4 d6 5. Bd3 0-0 6. Nge2 Nc6 7. 0-0 e5 8. d5 Nd4 9. Nxd4 exd4 10. Nb5 Ne8 11. Bc2 Qf6 12. f4 a6 13. Na3 Qh4 14. Qe1 Qe7 15. Bd3 f5 16. exf5 Qxe1 17. Rxe1 Bxf5 18. Bxf5 gxf5 19. b4 d3 20. Rb1 Nf6 21. Rd1 Rfe8 22. Bb2 Re2 23. Bxf6 Bxf6 24. Rxd3 Rae8 25. Rf1 Rxa2 26. Rg3+ Kf8 27. b5 Re4 28. bxa6 bxa6 29. Nb1 Rxc4 30. Ra3 Rb2 31. Rh3 Rcb4 32. Na3 Ra2 33. Kh1 Rxf4 34. Rb1 Kg7 35. Rc1 Ra1 36. Rxa1 Bxa1 37. g3 Rf1+ 38. Kg2 Rc1 39. Rh4 Rc5 40. Ra4 a5 41. Nc4 Bc3 42. Ne3 Kg6 43. Kf3 Bd2 44. Rd4 Bxe3 45. Kxe3 Kg5 46. Rd2 a4 47. Kd4 a3 48. Ra2 Ra5 49. Kc4 Kf6 50. h3 Ra7 51. h4 Ra5 52. Kb4 Ra7 53. Kc4 Ra8 54. Kb4 Ke5 55. Kc4 Ke4 56. h5 Kf3 57. Kb5 Kxg3 58. Kc6 Ra7 59. Kd7 f4 60. Kc8 f3 61. Kb8 Ra6 62. Kb7 Ra4 0-1

[Event "Ohio Congress"]
[Site "Columbus"]
[Date "2016.09.02"]
[Round "1"]
[White "Ramer, Scott Leo"]
[Black "Dake, Ram"]
[Result "1-0"]
[WhiteElo "2334"]
[BlackElo "2065"]
[PlyCount "44"]
[EventDate "2016.09.02"]
[EventType "swiss"]
[EventRounds "7"]
[EventCountry "USA"]
[SourceTitle "EXT 2023"]
[Source "ChessBase"]
[SourceDate "2022.10.05"]
[SourceVersion "1"]
[SourceVersionDate "2022.10.05"]
[SourceQuality "1"]

1. d4 Nf6 2. Nf3 g6 3. c4 Bg7 4. Nc3 0-0 5. Bg5 c5 6. d5 d6 7. e3 Na6 8. Be2 Nc7 9. 0-0 a6 10. a4 Rb8 11. e4 Bd7 12. a5 b5 13. axb6 Rxb6 14. Qd2 Ng4 15. Ne1 f6 16. Bxg4 fxg5 17. Bxd7 Qxd7 18. Nd3 Qg4 19. Rfe1 Bd4 20. Kh1 Ne8 21. e5 Ng7 22. Ne4 h6 1-0

[Event "Chicago op 25th"]
[Site "Chicago"]
[Date "2016.05.27"]
[Round "2"]
[White "Nyzhnyk, Illya"]
[Black "Ramer, Scott Leo"]
[Result "1-0"]
[WhiteElo "2622"]
[BlackElo "2207"]
[PlyCount "69"]
[EventDate "2016.05.26"]
[EventType "swiss"]
[EventRounds "9"]
[EventCountry "USA"]
[SourceTitle "CBM 172 Extra"]
[Source "ChessBase"]
[SourceDate "2016.06.21"]
[SourceVersion "1"]
[SourceVersionDate "2016.06.21"]
[SourceQuality "1"]

1. e4 c5 2. Nf3 e6 3. d4 cxd4 4. Nxd4 a6 5. Bd3 Bc5 6. Nb3 Be7 7. Qg4 g6 8. 0-0 d6 9. Nc3 Nf6 10. Qg3 0-0 11. Bh6 Re8 12. f4 Nbd7 13. Rad1 Qc7 14. a4 b6 15. Qh3 Bf8 16. Bxf8 Rxf8 17. g4 Bb7 18. g5 Nh5 19. Be2 Ng7 20. Qd3 d5 21. exd5 exd5 22. Nxd5 Bxd5 23. Qxd5 Rad8 24. Qc4 Qb8 25. Nd4 b5 26. axb5 Rfe8 27. Nc6 Qb6+ 28. Qd4 Rc8 29. Qxb6 Nxb6 30. Nd4 Nd5 31. bxa6 Ne3 32. Bf3 Nxf1 33. Kxf1 Nh5 34. a7 Nxf4 35. Ra1 1-0

[Event "Chicago op 24th"]
[Site "Chicago"]
[Date "2015.05.25"]
[Round "9"]
[White "Li, Ruifeng"]
[Black "Ramer, Scott Leo"]
[Result "1-0"]
[WhiteElo "2426"]
[BlackElo "2218"]
[PlyCount "41"]
[EventDate "2015.05.21"]
[EventType "swiss"]
[EventRounds "9"]
[EventCountry "USA"]
[SourceTitle "CBM 166 Extra"]
[Source "ChessBase"]
[SourceDate "2015.06.18"]
[SourceVersion "1"]
[SourceVersionDate "2015.06.18"]
[SourceQuality "1"]

1. e4 c5 2. Nf3 d6 3. d4 cxd4 4. Nxd4 Nf6 5. Nc3 g6 6. Be3 Bg7 7. Be2 0-0 8. Qd2 Ng4 9. Bxg4 Bxg4 10. f3 Bd7 11. h4 b5 12. h5 e6 13. 0-0-0 Qf6 14. Bg5 Qe5 15. Bf4 Qxd4 16. Qxd4 Bxd4 17. Rxd4 e5 18. Rxd6 exf4 19. Nd5 Bc8 20. Nf6+ Kg7 21. hxg6 1-0

[Event "Las Vegas National op"]
[Site "Las Vegas"]
[Date "2010.06.13"]
[Round "5"]
[White "Wallach, Kenneth"]
[Black "Ramer, Scott Leo"]
[Result "1/2-1/2"]
[WhiteElo "2166"]
[BlackElo "2223"]
[PlyCount "82"]
[EventDate "2010.06.11"]
[EventType "swiss"]
[EventRounds "6"]
[EventCountry "USA"]
[SourceTitle "CBM 136 Extra"]
[Source "ChessBase"]
[SourceDate "2010.07.02"]
[SourceVersion "2"]
[SourceVersionDate "2010.07.15"]
[SourceQuality "1"]

1. e4 c5 2. Nc3 Nc6 3. f4 g6 4. Nf3 Bg7 5. Bb5 Nd4 6. 0-0 a6 7. Bc4 b5 8. Bd5 Rb8 9. e5 e6 10. Be4 d5 11. exd6 Qxd6 12. Nxd4 cxd4 13. Ne2 Nf6 14. Bf3 d3 15. cxd3 0-0 16. d4 Nd5 17. d3 Bb7 18. Bd2 Qb6 19. Kh1 Rfd8 20. Qe1 b4 21. a3 a5 22. axb4 axb4 23. Qf2 Ne7 24. Be4 Ra8 25. Be3 Bd5 26. Ng1 Qb7 27. Bxd5 Qxd5 28. Nf3 Nf5 29. Ne5 Qb3 30. Rxa8 Rxa8 31. Qf3 Rf8 32. g4 Nxe3 33. Qxe3 Qxb2 34. f5 exf5 35. gxf5 Qa2 36. f6 Bh8 37. Qe4 b3 38. Nxf7 Bxf6 39. Rxf6 Qa8 40. Qxa8 Rxa8 41. Rb6 Kxf7 1/2-1/2